=LDR 00000nam 2200000 4500 =001 INLIS000000000039321 =005 20130612144945 =008 ***********************************ind** =035 ##$$0010-061300000039321 =041 ##$$a ind =082 ##$$a 745.5 =090 ##$$a 745.5, Qom b =100 ##$$a Qomar, Syaiful =245 ##$$a Berkreasi dengan Janur, Syaiful Qamar, Diah Iswari =260 ##$$a 2001 $b Jakarta =300 ##$$a vi, 72 hlm, ilus, 23 cm =650 ##$$a Kerajinan Tangan =850 ##$$a NBPNMAT